00686nam a2200229 i 4500001001000000003000900010005001700019007000300036008004100039040003000080041000800110082002400118100003800142245003800180264007200218300002700290336002700317337003300344338002800377650002400405650002700429000008193DO-SdBNP20260202105356.0ta090915s1978 dr 000 j spa d aDO-SdBNPbspacBNPHUerda aspa 4aRD863.44bR572f2221 aRijo, José,d1915-eautor4aut.10aFloreo :bcuentos /cJosé Rijo. aSanto Domingo, República Dominicana : bEditora Colonial,c1978. a92 páginas ;c21 cm. ardacontentbtexto2txt ardamediabsin mediación2n ardacarrierbvolumen2nc 0aCuentos dominicanos 0aLiteratura dominicana.